Fascinating facts about love, sex & marriage

Gardado en:
Detalles Bibliográficos
Autor Principal: Birnkrant, Ruth
Formato: Libro
Idioma:inglés
Publicado: Random House Value Pub 1982
Tags: Engadir etiqueta
Sen Etiquetas, Sexa o primeiro en etiquetar este rexistro!

MARC

LEADER 00000nam a2200000 4500
005 20240918191853.0
008 240724b |||||||| |||| 00| 0 eng d
020 |a 978-0517545058 
040 |c GP 
100 |a Birnkrant, Ruth 
245 |a Fascinating facts about love, sex & marriage 
260 |b Random House Value Pub  |c 1982 
942 |2 ddc  |c BK  |n 0 
952 |0 0  |1 0  |2 ddc  |4 0  |6 810_000000000000000_BIR  |7 1  |9 1721  |a RM  |b RM  |d 2024-07-24  |l 0  |o 810 BIR  |p 499  |r 2024-07-24 17:35:08  |w 2024-07-24  |y BK 
999 |c 1534  |d 1534